| 000 | 00394nam a2200145 a 4500 | ||
|---|---|---|---|
| 001 | 1459 | ||
| 003 | CDMR | ||
| 005 | 20130116135211.0 | ||
| 008 | 130130s1983||||||||||||||||||||||||||||d | ||
| 040 |
_aCDMR _bcat _cCPC GIRONA |
||
| 100 | 1 |
_aGarcía Pons, Enrique _91109 |
|
| 245 | 1 | 0 |
_aHistoria de la prensa badalonesa 1868-1939 _cGarcía Pons, Enrique |
| 260 |
_c1983 _bAjunt. de Badalona |
||
| 942 | _cMON | ||
| 999 |
_c1459 _d1459 |
||